Jumbo spoons and big cake / (Record no. 977)
[ view plain ]
| 000 -LEADER | |
|---|---|
| campo de control de longitud fija | 01369nam a22002537a 4500 |
| 008 - DATOS DE LONGITUD FIJA--INFORMACIÓN GENERAL | |
| campo de control de longitud fija | 160704bs2000 xxu||||| |||| 00| 0 eng d |
| 020 ## - NÚMERO INTERNACIONAL ESTÁNDAR DEL LIBRO | |
| Número Internacional Estándar del Libro | 0865591814 |
| 082 04 - NÚMERO DE LA CLASIFICACIÓN DECIMAL DEWEY | |
| Número de clasificación | 708 |
| Número de ítem | H669t |
| 100 ## - ENTRADA PRINCIPAL--NOMBRE DE PERSONA | |
| Nombre de persona | Hirschhorn, Thomas. |
| 9 (RLIN) | 5297 |
| 245 10 - MENCIÓN DEL TÍTULO | |
| Título | Jumbo spoons and big cake / |
| Mención de responsabilidad, etc. | Thomas Hirschhorn ; The Art Institute of Chicago ; The Renaissance Society at the University of Chicago ; co-organizado por James Rondeau y Susanne Ghez. |
| 246 03 - FORMA VARIANTE DEL TITULO | |
| Título propio/Titulo breve | World airport. |
| 250 ## - MENCION DE EDICION | |
| Mención de edición | 1a ed. |
| 260 ## - PUBLICACIÓN, DISTRIBUCIÓN, ETC. | |
| Lugar de publicación, distribución, etc. | Estados Unidos : |
| Nombre del editor, distribuidor, etc. | The Art Institute of Chicago, |
| Fecha de publicación, distribución, etc. | 2000. |
| 300 ## - DESCRIPCIÓN FÍSICA | |
| Extensión | 144 p. |
| Otras características físicas | il. |
| 500 ## - NOTA GENERAL | |
| Nota general | Publicado en conjunto a las exhibiciones "World Airport" en The Renaissance Society at The University of Chicago (16 de enero al 4 de febrero) y "Jumbo Spoons and Big Cake" en The Art Institute of Chicago (23 de enero al 9 de abril). |
| 505 0# - NOTA DE CONTENIDO CON FORMATO | |
| Título | Forewood |
| Mención de responsabilidad | James N. Wood. |
| Título | Forewood |
| Mención de responsabilidad | Susanne Ghez. |
| Título | Acknowledgments |
| Mención de responsabilidad | James Rondeau |
| Título | Essay |
| -- | Book list. |
| -- | Essay |
| Mención de responsabilidad | Hamza Walker. |
| Título | Interview |
| Mención de responsabilidad | Okwui Enwezor. |
| Título | Exhibitions. |
| -- | Bibliography. |
| -- | Illustration Checklist. |
| -- | Illustrations. |
| 653 10 - TÉRMINO DE INDIZACIÓN--NO CONTROLADO | |
| Término no controlado | Arte contemporáneo |
| 653 10 - TÉRMINO DE INDIZACIÓN--NO CONTROLADO | |
| Término no controlado | Exhibicioines |
| 653 10 - TÉRMINO DE INDIZACIÓN--NO CONTROLADO | |
| Término no controlado | Museos |
| 700 1# - ENTRADA AGREGADA--NOMBRE PERSONAL | |
| Nombre de persona | Rondeau, James. |
| Término indicativo de función/relación | co-organizador. |
| 9 (RLIN) | 5298 |
| 700 1# - ENTRADA AGREGADA--NOMBRE PERSONAL | |
| Nombre de persona | Ghez, Susanne. |
| Término indicativo de función/relación | co-organizador. |
| 9 (RLIN) | 5299 |
| 710 1# - ENTRADA AGREGADA--NOMBRE DE ENTIDAD CORPORATIVA | |
| Nombre de entidad corporativa o nombre de jurisdicción como elemento de entrada | The Art Institute of Chicago. |
| 9 (RLIN) | 5300 |
| 710 1# - ENTRADA AGREGADA--NOMBRE DE ENTIDAD CORPORATIVA | |
| Nombre de entidad corporativa o nombre de jurisdicción como elemento de entrada | The Renaissance Society at The University of Chicago. |
| 9 (RLIN) | 5301 |
| Estatus retirado | Estado de pérdida | Fuente del sistema de clasificación o colocación | Estado de daño | No para préstamo | Biblioteca de origen | Biblioteca actual | Ubicación en estantería | Fecha de adquisición | Total de préstamos | Signatura topográfica completa | Código de barras | Visto por última vez | Precio de reemplazo | Tipo de ítem Koha |
|---|---|---|---|---|---|---|---|---|---|---|---|---|---|---|
| Clasificación Decimal Dewey | Biblioteca LadoV | Biblioteca LadoV | 04/07/2016 | 708 H669t | 000840 | 04/07/2016 | 04/07/2016 | Material 01 |
